Bandeiras do Mundo - Statistics

Estatísticas Gerais
  • Esse quiz foi jogado 109 vezes
  • A pontuação média é 15 de 16
Estatísticas das Respostas
Imagem Resposta % Correto
Canadá
100%
Estados Unidos
100%
Reino Unido
100%
Australia
99%
França
99%
Italia
99%
Paises Baixos
99%
Coreia do Sul
98%
Japão
98%
Nova Zelandia
98%
Russia
98%
Irlanda
94%
Vietna
93%
Hungria
90%
Sri Lanka
84%
Uganda
81%
Nenhum quiz correspondente encontrado
Distribuição das Pontuações
Porcentagem de Pessoas com Cada Pontuação
Percentil de Números Respondidos
Sua Pontuação Histórica
Você não jogou esse quiz